| 000 | 00745nam a22002057a 4500 | ||
|---|---|---|---|
| 003 | NALT | ||
| 005 | 20210722103109.0 | ||
| 008 | s2535 th tha d | ||
| 020 | _a9747023253 | ||
| 040 | _aNALT | ||
| 041 | _atha | ||
| 050 | _aDS586 พ435 2535 | ||
| 245 | 1 | 0 | _aพฤษภาทมิฬ ผู้จัดการฉบับพิเศษ |
| 260 | 3 |
_a[กรุงเทพฯ] : _bผู้จัดการ, _c2535 |
|
| 300 |
_a176 หน้า : _b ภาพประกอบ |
||
| 650 | 0 | 4 | _aไทย -- ประวัติศาสตร์ -- กรุงรัตนโกสินทร์, 2535 |
| 650 | 0 | 4 | _aเหตุการณ์พฤษภาคม 2535 |
| 850 | _aNALT | ||
| 942 |
_cGB _2lcc |
||
| 999 |
_c40668 _d40668 |
||
| 998 |
_j109 _k อารีรัตน์ วิชาช่าง |
||